Trendy vo vývoji sociálnych výdavkov štátov EÚ v nadväznosti na svetovú hospodársku krízu
Teoretický pohľad na úlohu redistribučnej politiky štátu. Trendy vo vývoji výdavkov na sociálne benefity. Priemerná úroveň výdavkov na sociálne benefity v štátoch EÚ v rokoch 2003-2007. Ekonomická kríza a úroveň výdavkov na sociálne benefity v štátoch EÚ v roku 2009. Relatívna medziročná zmena výdav...
Guardado en:
| Autor principal: | |
|---|---|
| Formato: | Capítulo de libro |
| Lenguaje: | eslovaco |
| Materias: | |
| Etiquetas: |
Sin Etiquetas, Sea el primero en etiquetar este registro!
|
MARC
| LEADER | 00000nla a2200000 4500 | ||
|---|---|---|---|
| 001 | 0207321 | ||
| 005 | 20240502073438.7 | ||
| 041 | 0 | |a slo | |
| 044 | |a SK | ||
| 245 | 1 | 0 | |a Trendy vo vývoji sociálnych výdavkov štátov EÚ v nadväznosti na svetovú hospodársku krízu |c Miriama Vašková |
| 520 | |a Teoretický pohľad na úlohu redistribučnej politiky štátu. Trendy vo vývoji výdavkov na sociálne benefity. Priemerná úroveň výdavkov na sociálne benefity v štátoch EÚ v rokoch 2003-2007. Ekonomická kríza a úroveň výdavkov na sociálne benefity v štátoch EÚ v roku 2009. Relatívna medziročná zmena výdavkov na sociálne benefity v štátoch EÚ v roku 2009. Absolútna medziročná zmena výdavkov na sociálne benefity v štátoch EÚ v roku 2010. Úroveň výdavkov na sociálne benefity v štátoch EÚ v roku 2013. | ||
| 610 | 2 | 0 | |a výdavky na potreby sociálne |
| 610 | 2 | 0 | |a výdavky verejné |
| 610 | 2 | 0 | |a politika sociálna |
| 610 | 2 | 0 | |a štát |
| 610 | 2 | 0 | |a podpory |
| 610 | 2 | 0 | |a kríza hospodárska |
| 610 | 2 | 0 | |a Európska únia |
| 100 | 1 | |a Vašková, Miriama | |